Responses for show #1963 - Wednesday, March 3, 1993

Contestants

Dave Gordon, an attorney originally from Santa Ana, California

Laura Crain, a student and housewife from New Orleans, Louisiana

Donna Radu, a music administrator from Radnor, Pennsylvania (whose 1-day cash winnings total $18,401)

Jeopardy! Round responses

BOTANY
APPETIZERS
THEME PARKS
MUSICAL TERMS
ATTACKERS
KINGLY NICKNAMES
    $100 1
Petunia

Dave
    $100 10
eggs

Laura
    $100 4
Knott's Berry Farm

Dave
    $100 15
hymn (anthem)

Donna
    $100 7
[Alex apologized at the first break for not mentioning "bullfighting" as the correct response, but Donna's response was accepted.]

bull (bullfighting)

Donna
    $100 23
Roy Rogers

Dave
    $200 2
lily

Donna
    $200 13
avocado

Dave
    $200 5
Dollywood

Laura
    $200 16
sailors

Donna
    $200 14
Julius Caesar

Donna
    $200 24
(George) Eastman

Laura
    $300 3
(Dave: What are types of ivy?)

fern

LauraDave
    $300 20
oysters

Dave
    $300 6
Duchess of York (Sarah Ferguson)

Laura
    $300 17
answer

Donna
    $300 25
Al Capone

Laura
    $300 28
Evel Knievel

Donna
    $400 8
Saguaro

Donna
    $400 21
herring

Dave
    $400 11
Virginia

Dave
    $400 18
mezzo-soprano

Donna
    $400 26
killer bees

Donna
    $400 29
Scott Joplin

Donna
    $500 9
soybeans

Donna
    $700 22
crudites

Dave
    $500 12
Tammy Faye Bakker

Laura
    $500 19
ballad

Donna
    $500 27
fencing

Laura
    $500 30
(John D.) Rockefeller

Dave

Scores at the first commercial break (after clue 15):

Donna Laura Dave
$1,500 $1,400 $500

Scores at the end of the Jeopardy! Round:

Donna Laura Dave
$4,000 $2,400 $2,500

Double Jeopardy! Round responses

CANADIAN CAPITALS
AUTHORS
MATH
MUSEUMS
HISTORIC QUOTES
PRESIDENTIAL RELATIVES
    $200 7
(Laura: [no response])

Ottawa

DonnaLaura
    $200 11
Carl Sandburg

Donna
    $200 14
remainder

Donna
    $200 5
the Smithsonian

Laura
    $200 17
Douglas MacArthur

Donna
    $200 1
(Donna: Who was Teddy Roosevelt?)

Woodrow Wilson

DonnaLaura
    $400 8
Toronto

Donna
    $400 12
James Joyce

Dave
    $400 15
protractor

Donna
    $400 24
Chicago

Laura
    $400 18
Nikita Khrushchev

Dave
    $400 2
Grover Cleveland

Laura
    $700 9
Quebec

Donna
    $600 13
Steinbeck

Donna
    $600 16
(Donna: What is a centiliter?)
(Laura: What is a liter?)

gram

DonnaLaura
Triple Stumper
    $600 25
the Getty Museum

Donna
    $600 19
taxes

Dave
    $600 3
Abraham Lincoln

Dave
    $800 10
Victoria

Laura
    $800 22
William Saroyan

Triple Stumper
    $800 29
reciprocals

Laura
    $800 27
Boston

Dave
    $800 20
Jeannette Rankin

Triple Stumper
    $800 4
George Washington

Donna
    $1000 26
Yukon

Dave
    $1000 23
Dorothy Sayers

Donna
    $1000 30
Descartes

Donna
    $1000 28
Venice

Triple Stumper
    $1000 21
Barry Goldwater

Laura
    $1,500 6
Ohio

Laura

Scores at the end of the Double Jeopardy! Round:

Donna Laura Dave
$9,500 $6,900 $6,300

[wagering suggestions for these scores]

Final Jeopardy! Round responses

THE NOBEL PRIZE
DaveWhat is Literature?
$0
LauraWhat is Peace?
$6,800
DonnaWhat is Economics?
$4,301
Literature

Final scores:

Donna Laura Dave
$5,199 $100 $6,300
2nd place: Singer bedroom set & Dorothy's bedroom ensemble 3rd place: Cutco Galley knives set New champion: $6,300

Game dynamics:

Coryat scores:

Donna Laura Dave
$9,400 $6,400 $6,100
25 R
(including 1 DD),
2 W
16 R
(including 1 DD),
2 W
15 R
(including 1 DD),
1 W

Combined Coryat: $21,900

The J! Archive is created by fans, for fans. The Jeopardy! game show and all elements thereof, including but not limited to copyright and trademark thereto, are the property of Jeopardy Productions, Inc. and are protected under law. This website is not affiliated with, sponsored by, or operated by Jeopardy Productions, Inc. Join the discussion at JBoard.tv.